Normal view
MARC view
- ADVISOR DR HAMOOD UR RAHMAN
Entry Personal Name
001 - CONTROL NUMBER
- control field: 72704
003 - CONTROL NUMBER IDENTIFIER
- control field: NUST
005 - DATE AND TIME OF LATEST TRANSACTION
- control field: 20210628204858.0
008 - FIXED-LENGTH DATA ELEMENTS
- fixed length control field: 210628|| aca||aabn | a|a d
040 ## - CATALOGING SOURCE
- Original cataloging agency: NUST
- Transcribing agency: NUST
100 ## - HEADING--PERSONAL NAME
- Personal name: ADVISOR DR HAMOOD UR RAHMAN
670 ## - SOURCE DATA FOUND
- Source citation: Work cat.: (NUST): SYEDA FIZZAH JILANI 72703, TH-SOF-0833-NOVEL STAR-SHAPED FRACTAL DESIGN OF SLOTTED RECTANGULAR PATCH ANTENNA FOR HIGH GAIN AND BANDWIDTH, 2013
